El mundo de la música: grandes autores y grandes obras
-д хадгалсан:
| Формат: | Ном |
|---|---|
| Хэл сонгох: | испани |
| Хэвлэсэн: |
Barcelona
Océano
2000
|
| Нөхцлүүд: | |
| Шошгууд: |
Шошго нэмэх
Шошго байхгүй, Энэхүү баримтыг шошголох эхний хүн болох!
|
MARC
| LEADER | 00000nam a2200000 a 4500 | ||
|---|---|---|---|
| 001 | UCG2968 | ||
| 003 | CL-VaPUC | ||
| 008 | 100805e20000000SP |||||||||||||||||spa|d | ||
| 020 | |a 8449412528 | ||
| 082 | 0 | 4 | |a 781.17 |b MUN |2 21 |
| 245 | 1 | 3 | |a El mundo de la música: grandes autores y grandes obras |
| 300 | |a 412 p | ||
| 942 | |c BK | ||
| 945 | |d 20100805 00:00:00 |a dcastane | ||
| 260 | |a Barcelona |b Océano |c 2000 | ||
| 650 | 0 | |a Apreciación musical |9 306325 | |
| 650 | 0 | |a Teoría musical |9 265760 | |
| 650 | 0 | |a Formas musicales |9 306416 | |
| 650 | 7 | |a MUSICA HISTORIA |2 CL-VaPUC |9 306301 | |
| 583 | |a last modification |c 20100805 00:00:00 |k Rodrigo Vera | ||
| 999 | |c 342070 |d 342068 | ||